000 00681nam a2200289Ia 4500
005 20260324141240.0
008 008 260324s9999 xx 000 0 eng d
020 _a9780429496950
037 _aEBOOK
040 _aCRL
040 _beng
040 _cCRL
041 _2eng
041 _aeng
084 _qCRL
100 _aPaul Theobald
_91177217
245 0 _aTeaching The Commons
245 0 _bPlace, Pride, And The Renewal Of Community
260 _bTaylor and Francis
260 _c1997
365 _a
365 _b230
856 _uhttp://www.taylorfrancis.com/books/9780429496950
942 _cEBOOK
999 _c1810373
_d1810373